| 000 | 00579nam a2200217Ia 4500 | ||
|---|---|---|---|
| 003 | OSt | ||
| 005 | 20251204111347.0 | ||
| 008 | 220917b |||||||| |||| 00| 0 eng d | ||
| 037 | _cTB | ||
| 040 |
_aARTS _cARTS _beng |
||
| 041 |
_2eng _aeng |
||
| 084 |
_aQ6:31 L7 _qAL |
||
| 100 |
_aOgden Schubert M _975161 |
||
| 245 | 0 | _aReality of good and other essays | |
| 250 | _a4th | ||
| 260 |
_aN.Y: _bHarper And Row; _c1977. |
||
| 300 |
_axii,237p. _ccm. |
||
| 650 |
_aRELIGION _9854451 |
||
| 942 |
_hQ6:3z7, L7 _cTB _2CC _n0 |
||
| 999 |
_c188598 _d188598 |
||